| Record ID | ia:ernstblochsasthe0000wieg |
| Source | Internet Archive |
| Download MARC XML | https://archive.org/download/ernstblochsasthe0000wieg/ernstblochsasthe0000wieg_marc.xml |
| Download MARC binary | https://www.archive.org/download/ernstblochsasthe0000wieg/ernstblochsasthe0000wieg_meta.mrc |
LEADER: 01593cam a2200385 i 4500
001 131486
005 20220518202650.0
008 781001s1976 gw b 001 0 ger
010 $a 77471681
015 $aGFR76-A
020 $a3416012089
035 $a(OCoLC)2365933
035 $a(OCoLC)ocm02365933
035 $a(CStRLIN)NYCG8210390-B
035 $9AAP9829CU
035 $a(NNC)131486
035 $a131486
050 00 $aB3209.B78$bW53 1976
100 1 $aWiegmann, Hermann,$d1937-$0http://id.loc.gov/authorities/names/n87906152
245 10 $aErnst Blochs ästhetische Kriterien und ihre interpretative Funktion in seinen Literarischen Aufsätzen /$cvon Hermann Wiegmann.
260 $aBonn :$bBouvier Verlag H. Grundmann,$c1976.
300 $a185 pages ;$c23 cm.
336 $atext$2rdacontent
337 $aunmediated$2rdamedia
338 $avolume$2rdacarrier
490 1 $aAbhandlungen zur Philosophie, Psychologie und Pädagogik ;$vBd. 110
500 $aOriginally presented as the author's thesis, Hanover, 1975.
500 $aIncludes indexes.
504 $aBibliography: p. 172-181.
600 10 $aBloch, Ernst,$d1885-1977.$0http://id.loc.gov/authorities/names/n80017827
650 0 $aLiterature$xAesthetics.$0http://id.loc.gov/authorities/subjects/sh85077509
650 0 $aAesthetics.$0http://id.loc.gov/authorities/subjects/sh85001441
740 0 $aErnst Blochs ästhetische Kriterien ...
830 0 $aAbhandlungen zur Philosophie, Psychologie und Pädagogik ;$vBd. 110.$0http://id.loc.gov/authorities/names/n42001011
852 00 $boff,glx$hB3209.B78$iW53 1976